000 01114nam a2200313 c 4500
003 BLK
005 20231121161556.0
008 180408b bul|||||r ||||||| ||bul||
010 _aKNG00075994000
020 _a978-954-09-0021-6
_bиздат.: Захарий Стоянов
040 _aBLK
041 _aBUL
_cBUL
080 _aБългарска литература
_b821.163.2
_x-31
_z821.163.2-31
100 1 _aПопов, Алек
_d1966-
_qПопов, Александър Василев
_eпърви автор
_9222582
139 _aПопов, Алек Василев
_bП 76
245 1 0 _aЧерната кутия
_bРоман
_cАлек Василев Попов.
257 _aBGR
260 София
_bЗахарий Стоянов
_c2007
_fСофия : УИ Св. Кл. Охридски
300 _a344 с.
_c21 см
380 _aX
500 _aОфс. изд.
653 _aромани
852 _aЦб 234576
856 4 _qpdf
_u
856 4 _qpdf
_u
942 _cKNG
_n0
_08
944 _aCR
_c25.06.2007
_k30529
_lДиана Гривева
944 _aED
_c23.04.2008
_k
999 _c71622
_d71622